000 00697nam a2200241Ia 4500
003 OSt
005 20220924131817.0
006 a|||||r|||| 00| 0
007 ta
008 220923b |||||||| |||| 00| 0 tel d
024 _a345415
037 _cTextual
040 _aARTS
_cARTS
_btel
041 _2tel
_atel
082 _aO157,3M76,19, 35K6
100 _aShivaramakrishna Bondalapati Tr.
_9202946
245 0 _aBrahamana Pilla
260 _aVijayawada
_bDesi Book Distributors India
_c1966
300 _a148p.
_ccm.
650 _aBENGALI LITERATURE
942 _hO157,3M76,19, 35K6
_cTEXL
_2CC
999 _c428282
_d428282